River ecology : (Record no. 613645)
[ view plain ]
| 000 -LEADER | |
|---|---|
| fixed length control field | 02000cam a22003255i 4500 |
| 001 - CONTROL NUMBER | |
| control field | 22888684 |
| 003 - CONTROL NUMBER IDENTIFIER | |
| control field | NUST |
| 005 - DATE AND TIME OF LATEST TRANSACTION | |
| control field | 20250422114834.0 |
| 008 - FIXED-LENGTH DATA ELEMENTS--GENERAL INFORMATION | |
| fixed length control field | 221202s2023 nyu 000 0 eng |
| 010 ## - LIBRARY OF CONGRESS CONTROL NUMBER | |
| LC control number | 2022951025 |
| 020 ## - INTERNATIONAL STANDARD BOOK NUMBER | |
| International Standard Book Number | 9780199549511 |
| Qualifying information | (hardback) |
| 020 ## - INTERNATIONAL STANDARD BOOK NUMBER | |
| Canceled/invalid ISBN | 9780192592323 |
| Qualifying information | (ebook other) |
| 020 ## - INTERNATIONAL STANDARD BOOK NUMBER | |
| Canceled/invalid ISBN | 9780191886140 |
| 040 ## - CATALOGING SOURCE | |
| Original cataloging agency | DLC |
| Language of cataloging | eng |
| Description conventions | rda |
| Transcribing agency | DLC |
| 042 ## - AUTHENTICATION CODE | |
| Authentication code | pcc |
| 082 ## - DEWEY DECIMAL CLASSIFICATION NUMBER | |
| Classification number | 577.68 |
| Author Mark | MAL |
| 100 1# - MAIN ENTRY--PERSONAL NAME | |
| Personal name | Mallin, Michael A., |
| Relator term | author. |
| 9 (RLIN) | 128790 |
| 245 10 - TITLE STATEMENT | |
| Title | River ecology : |
| Remainder of title | science and management for a changing world / |
| Statement of responsibility, etc. | Michael A. Mallin. |
| 263 ## - PROJECTED PUBLICATION DATE | |
| Projected publication date | 1111 |
| 264 #1 - PRODUCTION, PUBLICATION, DISTRIBUTION, MANUFACTURE, AND COPYRIGHT NOTICE | |
| Place of production, publication, distribution, manufacture | New York : |
| Name of producer, publisher, distributor, manufacturer | Oxford University Press, |
| Date of production, publication, distribution, manufacture, or copyright notice | 2023. |
| 300 ## - PHYSICAL DESCRIPTION | |
| Extent | pages cm |
| 336 ## - CONTENT TYPE | |
| Content type term | text |
| Content type code | txt |
| Source | rdacontent |
| 337 ## - MEDIA TYPE | |
| Media type term | unmediated |
| Media type code | n |
| Source | rdamedia |
| 338 ## - CARRIER TYPE | |
| Carrier type term | volume |
| Carrier type code | nc |
| Source | rdacarrier |
| 520 ## - SUMMARY, ETC. | |
| Summary, etc. | "This volume explains the basic concepts of the ecology of streams and rivers, visualizing the system as a continuum in which the upper headwaters are intimately linked with the lower river, including and part of the estuary. It discusses how rainfall in the upper watershed combines with geography and geology to shape the physical river ecosystem, the currents, erosional forces and interactions with the floodplain. Light, or solar irradiance is discussed in terms of how it influences river plant growth and in terms is influenced by suspended sediments and water color. Nutrients and their sources, especially nitrogen (N), phosphorus (P) and silica (Si) influence plant and bacterial life, and overabundances of N and P cause major problems to the river system. The growth and overgrowth of river plant life (phytoplankton, periphyton, macroalgae and macrophytes) is described, and relations with nutrients, grazers, and as habitat for invertebrate and vertebrate organisms"-- |
| Assigning source | Provided by publisher. |
| 590 ## - LOCAL NOTE (RLIN) | |
| Linkage (RLIN) | . |
| 906 ## - LOCAL DATA ELEMENT F, LDF (RLIN) | |
| a | 0 |
| b | ibc |
| c | orignew |
| d | 2 |
| e | epcn |
| f | 20 |
| g | y-gencatlg |
| 942 ## - ADDED ENTRY ELEMENTS (KOHA) | |
| Source of classification or shelving scheme | |
| Koha item type | Book |
| Withdrawn status | Lost status | Source of classification or shelving scheme | Damaged status | Not for loan | Permanent Location | Current Location | Date acquired | Total Checkouts | Full call number | Barcode | Date last seen | Price effective from | Koha item type |
|---|---|---|---|---|---|---|---|---|---|---|---|---|---|
| School of Civil and Environmental Engineering (SCEE) | School of Civil and Environmental Engineering (SCEE) | 04/22/2025 | 577.68 MAL | NIT-13780 | 04/22/2025 | 04/22/2025 | Book |
